[Event "Washington International 2012"]
[Site "Rockville USA"]
[Date "2012.07.31"]
[Round "7.3"]
[White "Bartell,T"]
[Black "Gareev,T"]
[Result "0-1"]
[WhiteElo "2410"]
[BlackElo "2658"]

1.Nf3 c5 2.c4 Nf6 3.Nc3 e6 4.g3 b6 5.Bg2 Bb7 6.O-O Be7 7.d4 cxd4 8.Qxd4 d6
9.Bg5 a6 10.Bxf6 Bxf6 11.Qf4 O-O 12.Rfd1 Be7 13.Ne4 Bxe4 14.Qxe4 Ra7 15.Nd4 Rc7
16.b3 Re8 17.a4 Rc5 18.Qb7 Bf6 19.Ra2 Re7 20.Qa8 Rec7 21.Rad2 Be7 22.Nc2 Rd7
23.Nb4 g6 24.h4 Kg7 25.Rd3 Qc7 26.Qf3 Rf5 27.Qe4 Re5 28.Qd4 Bf6 29.Qg4 h5
30.Qf3 Be7 31.Rd4 Rf5 32.Rf4 Rxf4 33.Qxf4 d5 34.Nd3 dxc4 35.Qxc4 Qxc4 36.bxc4 Rc7
37.Rc1 Nd7 38.e3 Kf6 39.Kf1 Bd6 40.Ke2 Ke7 41.Kd2 f5 42.e4 e5 43.Ke3 Bc5+
44.Nxc5 Nxc5 45.Rb1 Nd7 46.Bf1 Rc6 47.exf5 gxf5 48.Be2 Nc5 49.a5 bxa5 50.Bxh5 Rd6
51.Be2 a4 52.h5 Kf6 53.f4 e4 54.g4 fxg4 55.Bxg4 Rd3+ 56.Ke2 a3 57.h6 a2 58.Rh1 Nb3
59.h7 Rd8 60.Ke3 Kg7 61.c5 Nxc5 62.Ra1 Rd3+ 63.Kf2 Ra3 64.Bf5 Nd3+ 65.Ke2 Nxf4+
66.Kd2 e3+ 67.Kc2 Ne2 68.Rh1 Nd4+  0-1

[Event "45th Biel Masters Open"]
[Site "Biel SUI"]
[Date "2012.08.01"]
[Round "9"]
[White "Postny,E"]
[Black "Melkumyan,H"]
[Result "1/2-1/2"]
[WhiteElo "2653"]
[BlackElo "2639"]

1.Nf3 Nf6 2.c4 c5 3.Nc3 e6 4.g3 b6 5.Bg2 Bb7 6.O-O Be7 7.d4 cxd4 8.Qxd4 d6
9.Bg5 a6 10.Bxf6 Bxf6 11.Qf4 O-O 12.Rfd1 Be7 13.Ne4 Bxe4 14.Qxe4 Ra7 15.Nd4 Qc8
16.b3 Re8 17.a4 Qc5 18.Ra2 Rc7 19.e3 Bf8 20.Qd3 a5 21.Nb5 Rd7 22.Qd4 Red8
23.Rad2 g6 24.Kf1 Bg7 25.Qf4 Be5 26.Qe4 Bg7 27.Qf4 Be5 28.Qe4  1/2-1/2

[Event "21st Metro GM"]
[Site "Los Angeles USA"]
[Date "2012.08.04"]
[Round "3"]
[White "Kretchetov,A"]
[Black "Bojkov,D"]
[Result "0-1"]
[WhiteElo "2343"]
[BlackElo "2556"]

1.Nf3 Nf6 2.c4 e6 3.Nc3 c5 4.g3 b6 5.Bg2 Bb7 6.O-O Be7 7.Re1 d6 8.e4 a6 9.d4 cxd4
10.Nxd4 Qc7 11.Be3 Nbd7 12.Rc1 Rc8 13.f4 Qb8 14.Qe2 O-O 15.f5 e5 16.Nb3 Bd8
17.Nd2 Bc6 18.g4 h6 19.h4 Nh7 20.Nf3 b5 21.g5 hxg5 22.hxg5 Bb6 23.g6 Nhf6
24.Bh3 Bxe4 25.Ng5 Ba8 26.gxf7+ Rxf7 27.Nxf7 Kxf7 28.Nd5 bxc4 29.Nxb6 Nxb6
30.Kh2 d5 31.Bf2 Rh8 32.Rg1 Nbd7 33.Bg3 Ne4 34.Be1 Ndf6 35.Qg2 Rh7 36.Qg6+ Ke7
37.Rc2 Qh8 38.Bb4+ Kd8 39.Ba5+ Kc8 40.Qg2 Kb8 41.Qf3 Nh5 42.Bd2 Nxd2 43.Rxd2 Nf4
44.Rg3 Qf8 45.Qc3 Qf6 46.b3 Bb7 47.bxc4 d4 48.Qb3 Qc6 49.Qb1 Nxh3  0-1

[Event "11th Braunau Open A"]
[Site "Ranshofen AUT"]
[Date "2012.08.05"]
[Round "3.4"]
[White "Jaracz,P"]
[Black "Konguvel,P"]
[Result "1/2-1/2"]
[WhiteElo "2536"]
[BlackElo "2319"]

1.Nf3 Nf6 2.c4 c5 3.Nc3 e6 4.e3 d5 5.d4 Nc6 6.cxd5 exd5 7.Bb5 Bd6 8.dxc5 Bxc5
9.O-O O-O 10.b3 a6 11.Bxc6 bxc6 12.Bb2 Bd6 13.Rc1 a5 14.h3 Ba6 15.Re1 Re8
16.Nd4 Rc8 17.Na4 c5 18.Nf5 Bf8 19.Qf3 Ne4 20.Qf4 h6 21.h4 Re6 22.f3 Nd6
23.Ng3 Ne8 24.Nf5 Nd6 25.Ng3  1/2-1/2

[Event "113th US Open 2012"]
[Site "Vancouver USA"]
[Date "2012.08.06"]
[Round "3"]
[White "Daroza,E"]
[Black "Kenney,J"]
[Result "1/2-1/2"]
[WhiteElo "2058"]
[BlackElo "2189"]

1.Nf3 Nf6 2.c4 c5 3.Nc3 e6 4.g3 b6 5.Bg2 Bb7 6.O-O Be7 7.d4 cxd4 8.Qxd4 d6
9.Rd1 a6 10.b3 Nbd7 11.Bb2 O-O 12.h3 Qc7 13.Rac1 Rfd8 14.g4 Rac8 15.g5 Ne8
16.Qg4 Bxf3 17.exf3 Ne5 18.Qg3 g6 19.f4 Nd7 20.Ne4 Bf8 21.h4 Bg7 22.Bxg7 Kxg7
23.h5 d5 24.Nd2 dxc4 25.hxg6 hxg6 26.Rxc4 Qb8 27.Rxc8 Qxc8 28.Ne4 Kf8 29.Qd3 Ke7
30.Nd6 Qc7 31.Nxe8 Kxe8 32.Qxa6 Qxf4 33.Qb5 Ke7 34.b4 e5 35.Bh3 Qxg5+ 36.Kf1 f5
37.Qd5 Qh4 38.Bg2 Qxb4 39.Bf3 Qc5 40.Qb7 Qc8 41.Qd5 Qc5 42.Qb7 g5 43.Bc6 Qc4+
44.Ke1 Qc3+  1/2-1/2

[Event "Open ch-MKD 2012"]
[Site "Struga MKD"]
[Date "2012.08.07"]
[Round "4.4"]
[White "Stanojoski,Z"]
[Black "Koskoska,G"]
[Result "1/2-1/2"]
[WhiteElo "2461"]
[BlackElo "2094"]

1.Nf3 Nf6 2.c4 c5 3.Nc3 g6 4.d4 cxd4 5.Nxd4 Nc6 6.Nc2 Bg7 7.e4 d6 8.Be2 Nd7
9.Bd2 a5 10.O-O Nc5 11.Ne3 O-O 12.f3 f5 13.exf5 gxf5 14.Kh1 e6 15.f4 Nd4
16.Rb1 Bd7 17.Nc2 Nxc2 18.Qxc2 Bc6 19.Bf3 Rc8 20.Be3 Bxc3 21.Qxc3 Ne4 22.Qe1 Rf6
23.Rd1 b6 24.Qh4 Qf8 25.Bxb6 Rh6 26.Qe1 Qg7 27.Bd4 Qg3 28.h3 Kf7 29.Kg1 Rxh3
30.Qxg3 Rxg3 31.Rd3 Rcg8 32.Ra3 a4 33.Re1 Rxf3 34.Rxf3 Nd2 35.Rf2 Nf3+ 36.Rxf3 Bxf3
37.Kf2 Bxg2 38.Rg1 Be4 39.Rxg8 Kxg8 40.c5 dxc5 41.Bxc5 Bd5 42.Bd4 Bxa2 43.Kg3 Kf7  1/2-1/2

[Event "TCh-ESP CECLUB 2a Gp1 2012"]
[Site "Padron ESP"]
[Date "2012.08.08"]
[Round "1.1"]
[White "Miton,K"]
[Black "Martin Fuentes,A"]
[Result "1-0"]
[WhiteElo "2616"]
[BlackElo "2282"]

1.Nf3 Nf6 2.c4 c5 3.Nc3 g6 4.d4 cxd4 5.Nxd4 d6 6.e4 Bg7 7.Be2 O-O 8.O-O Nc6
9.Be3 Nxd4 10.Bxd4 Nd7 11.Bxg7 Kxg7 12.Qd4+ Kg8 13.Rad1 Re8 14.Nd5 Nb6 15.Ne3 Qc7
16.b4 Be6 17.f4 f6 18.c5 Nd7 19.cxd6 Qxd6 20.Qxd6 exd6 21.Rxd6 Nf8 22.a3 Rac8
23.Bb5 Red8 24.Rxd8 Rxd8 25.Rd1 Rc8 26.Kf2 a6 27.Be2 Bb3 28.Rd6 Kg7 29.Rb6 Rc7
30.Nd5 Bxd5 31.exd5 Rd7 32.Bf3 Kf7 33.d6 Ke6 34.Bxb7  1-0

[Event "TCh-ESP CECLUB 2a Gp2 2012"]
[Site "Burguillos ESP"]
[Date "2012.08.09"]
[Round "2.2"]
[White "Biedma Martin,E"]
[Black "Vazquez Igarza,R"]
[Result "0-1"]
[WhiteElo "2308"]
[BlackElo "2570"]

1.Nf3 Nf6 2.c4 c5 3.Nc3 g6 4.g3 b6 5.Bg2 Bb7 6.O-O Bg7 7.b3 O-O 8.Bb2 Na6
9.e3 e6 10.Qe2 Qe7 11.Rfd1 d5 12.Rac1 Rfd8 13.d3 Nb4 14.a3 Nc6 15.cxd5 exd5
16.d4 Na5 17.Qc2 Rac8 18.Bh3 Ra8 19.Bg2 Bc8 20.dxc5 Bf5 21.e4 dxe4 22.Nh4 Rxd1+
23.Rxd1 Be6 24.Nxe4 Bxb3 25.Nxf6+ Bxf6 26.Bxf6 Qxf6 27.Qe4 Rc8 28.Rb1 bxc5
29.Qe1 Qd8 30.Qe5 Be6 31.Nf3 Nc4 32.Qc3 Qa5 33.Qf6 Nd2 34.Nxd2 Qxd2 35.h4 c4
36.Qa1 Qe3 37.Bf1 Qg5 38.hxg5  0-1

[Event "Open ch-MKD 2012"]
[Site "Struga MKD"]
[Date "2012.08.11"]
[Round "8.9"]
[White "Bejatovic,B"]
[Black "Stojkovska,M"]
[Result "1/2-1/2"]
[WhiteElo "1978"]
[BlackElo "1939"]

1.c4 c5 2.Nf3 Nf6 3.Nc3 d5 4.Nxd5 Nxd5 5.cxd5 Qxd5 6.d4 cxd4 7.Qxd4 Qxd4
8.Nxd4 Bd7 9.e4 e5 10.Nb5 Bb4+ 11.Bd2 Bxd2+ 12.Kxd2 Bxb5 13.Bxb5+ Nd7  1/2-1/2

[Event "16th HZ Open"]
[Site "Vlissingen NED"]
[Date "2012.08.11"]
[Round "9"]
[White "Thesing,M"]
[Black "Van Assendelft,F"]
[Result "0-1"]
[WhiteElo "2412"]
[BlackElo "2383"]

1.Nf3 c5 2.c4 Nf6 3.Nc3 g6 4.e3 Bg7 5.d4 cxd4 6.exd4 d5 7.cxd5 Nxd5 8.Bc4 Nxc3
9.bxc3 Qc7 10.Qb3 O-O 11.Ba3 Nc6 12.Ng5 Ne5 13.Be2 h6 14.Ne4 Be6 15.d5 Bf5
16.f3 Nxf3+ 17.Bxf3 Bxe4 18.Bxe4 Bxc3+ 19.Kf2 Qf4+ 20.Bf3 Bd4+ 21.Ke2 Qe5+
22.Kd2 Bxa1 23.Rxa1 Qxa1 24.Bb2 Qg1 25.Qc3 Qf2+ 26.Kd3 f6  0-1

[Event "28th Geraardsbergen Open"]
[Site "Geraardsbergen BEL"]
[Date "2012.08.12"]
[Round "4.4"]
[White "Luminet,D"]
[Black "Sneppe,H"]
[Result "1-0"]
[WhiteElo "2188"]
[BlackElo "1959"]

1.c4 Nf6 2.Nc3 c5 3.Nf3 d5 4.cxd5 Nxd5 5.e3 e6 6.d4 Nc6 7.Bd3 cxd4 8.exd4 Be7
9.O-O O-O 10.Re1 Nf6 11.a3 a6 12.Bc2 b5 13.Qd3 Bb7 14.d5 exd5 15.Bg5 g6 16.Rxe7 Nxe7
17.Bxf6 Qc7 18.Qe3  1-0

[Event "16th Izmailov Mem"]
[Site "Tomsk RUS"]
[Date "2012.08.12"]
[Round "6.15"]
[White "Khatoev,E"]
[Black "Konev,Al"]
[Result "1-0"]
[WhiteElo "2322"]
[BlackElo "2042"]

1.Nf3 Nf6 2.c4 c5 3.Nc3 d5 4.cxd5 Nxd5 5.d4 Nxc3 6.bxc3 Bf5 7.d5 g6 8.e4 Bd7
9.Rb1 Qc7 10.Qb3 Bg7 11.Qxb7 Bxc3+ 12.Bd2 Qxb7 13.Rxb7 Bg7 14.Bc4 Bc8 15.Rc7 Nd7
16.Ke2 O-O 17.Rb1 Nb6 18.Bb5 f5 19.e5 Nxd5 20.Rxc5 Nb6 21.Bg5 e6 22.Be7 Rf7
23.Bd6 h6 24.Nd4 Bd7 25.Ba6 Bf8 26.Bxf8 Rfxf8 27.Bb7 Rab8 28.Rc7 Nd5 29.Rxd7 Nc3+
30.Kd3 Nxb1 31.Nc6 Rbe8 32.Kc2 Na3+ 33.Kb3 Nb5 34.a4 Nd4+ 35.Rxd4 Rf7 36.Ba6 Rc7
37.Rd6 Kf7 38.Nd8+ Ke7 39.Nc6+ Kf8 40.Kb4 g5 41.a5 h5 42.Kc5 Ree7 43.Bc4 Kf7
44.Kb5 Re8 45.Bxe6+ Kf8 46.Bd7 Ra8 47.a6 f4 48.e6  1-0

[Event "25th Panevezys IM"]
[Site "Panevezys LTU"]
[Date "2012.08.14"]
[Round "2.4"]
[White "Malinin,Y"]
[Black "Pileckis,E"]
[Result "0-1"]
[WhiteElo "2325"]
[BlackElo "2443"]

1.Nf3 Nf6 2.c4 c5 3.Nc3 b6 4.e3 Bb7 5.d4 cxd4 6.exd4 e6 7.a3 d6 8.d5 e5 9.Bd3 Be7
10.O-O O-O 11.Ng5 Nbd7 12.f4 h6 13.Nf3 b5 14.cxb5 Nxd5 15.Nxd5 Bxd5 16.fxe5 dxe5
17.Bh7+ Kxh7 18.Qxd5 Bf6 19.Be3 Kg8 20.Rfd1 Nb6 21.Qc6 Qc8 22.Rac1 Qg4 23.Bxb6 axb6
24.Rc4 Qf5 25.Qxb6 e4 26.Nd4 Qh5 27.Re1 Qd5 28.b3 Rfb8 29.Qc6 Bxd4+ 30.Kh1 Rxb5
31.Qxd5 Rxd5  0-1

[Event "Husek Vienna Open A"]
[Site "Vienna AUT"]
[Date "2012.08.14"]
[Round "2"]
[White "Buhmann,R"]
[Black "Sadilek,P"]
[Result "1-0"]
[WhiteElo "2571"]
[BlackElo "2238"]

1.Nf3 Nf6 2.c4 c5 3.Nc3 e6 4.g3 b6 5.Bg2 Bb7 6.O-O Be7 7.d4 cxd4 8.Qxd4 d6
9.Rd1 O-O 10.Bg5 h6 11.Bxf6 Bxf6 12.Qf4 Qe7 13.Rac1 Na6 14.b3 Rfd8 15.Ne4 Bb2
16.Rc2 Ba3 17.Nc3 Bc5 18.Qh4 Qxh4 19.Nxh4 Bxg2 20.Kxg2 Nc7 21.Nf3 Kf8 22.e3 Ke7
23.Rb1 a5 24.Rd1 Rac8 25.Na4 Na6 26.Rcd2 Rb8 27.Kf1 Bb4 28.Rc2 Bc5 29.Ke2 Nc7
30.g4 Ne8 31.h4 Nf6 32.g5 hxg5 33.hxg5 Nd7 34.Nc3 Rh8 35.Nb5 Ne5 36.Nxe5 dxe5
37.Na7 Ra8 38.Nc6+ Ke8 39.Rcd2  1-0

[Event "2nd Split Open 2012"]
[Site "Split CRO"]
[Date "2012.08.15"]
[Round "5.41"]
[White "Sunara,T"]
[Black "Bratosevic,M"]
[Result "0-1"]
[WhiteElo "1967"]
[BlackElo "2190"]

1.c4 Nf6 2.Nf3 c5 3.Nc3 d5 4.cxd5 Nxd5 5.g3 Nc6 6.Bg2 g6 7.O-O Nc7 8.d3 Bg7
9.a3 O-O 10.Bg5 h6 11.Bd2 b6 12.Qc1 Kh7 13.Ng5+ hxg5 14.Bxc6 Bh3 15.Re1 g4
16.Ne4 Rc8 17.Ng5+ Kg8 18.Nxh3 gxh3 19.Bh6 Ne6 20.Bxg7 Kxg7 21.Be4 f5 22.Bh1 Rf6
23.Qc3 Nd4 24.e3 Nb5 25.Qb3 Qd7 26.Rad1 Rd6 27.a4 Nc7 28.Qc3+ Kf7 29.b3 Rd8
30.Qc4+ Ne6 31.d4 cxd4 32.exd4 Rc8 33.Qf1 Nxd4 34.Rc1 Rxc1 35.Rxc1 Qe6 36.Re1 Qxb3
37.Qxh3 Ne6 38.Qh7+ Ng7 39.Qh4 e6 40.Qf4 Rd7 41.Bc6 Re7 42.Qe5 Qc2 43.Bb5 Qc5
44.Qe2 Ne8 45.Bc4 Nc7 46.g4 Qd4 47.gxf5 gxf5 48.Kh1 Qh4 49.Rg1 Nd5 50.f3 Nf4
51.Qe5 Ng6 52.Qxf5+ Qf6 53.Qh5 Rd7 54.Qh7+ Qg7 55.Qh3 Rd6 56.Qg3 Rd4 57.Qc7+ Kf6
58.Qc6 Qd7 59.Qxd7 Rxd7 60.Bxe6 Rd2 61.Bg4 Ra2 62.Bd7 Ne5 63.Bg4 Rxa4 64.h3 b5
65.Rd1 b4 66.f4 Nxg4 67.hxg4 b3 68.Kg2 Rxf4 69.Kg3 Rb4 70.Kh4 b2 71.Rb1 a5
72.Kh5 Kg7 73.g5 a4 74.Rd1 b1=Q  0-1

[Event "2nd Split Open 2012"]
[Site "Split CRO"]
[Date "2012.08.16"]
[Round "6.42"]
[White "Trajber,D"]
[Black "Glavan,M"]
[Result "0-1"]
[WhiteElo "2100"]
[BlackElo "1940"]

1.Nf3 c5 2.c4 Nf6 3.Nc3 g6 4.g3 Bg7 5.Bg2 O-O 6.d4 d6 7.O-O Nc6 8.d5 Na5
9.Nd2 a6 10.a3 Qc7 11.e4 Rb8 12.Qe2 b5 13.cxb5 axb5 14.Nxb5 Qb6 15.a4 Ba6
16.e5 Ne8 17.Be4 Bxe5 18.Bd3 Nc7 19.Nf3 Bf6 20.Bh6 Rfe8 21.b4 cxb4 22.Be3 Qb7
23.Bd4 Bxb5 24.Bxb5 Nxb5 25.axb5 Nb3 26.Rad1 Nxd4 27.Nxd4 Bxd4 28.Rxd4 Qxb5
29.Qb2 b3 30.Re1 Rb7 31.Re3 Rc8 32.Rdd3 Rc2 33.Qxb3 Qxb3 34.Rxb3 Rxb3 35.Rxb3 Rd2
36.Rb7 Kf8 37.Rb5 Kg7 38.Kg2 Re2 39.Kf3 Re5 40.Rb7 Kf6 41.Rb5 e6 42.Kf4 Rxd5  0-1

[Event "Husek Vienna Open A"]
[Site "Vienna AUT"]
[Date "2012.08.16"]
[Round "4"]
[White "Buhmann,R"]
[Black "Rau,H"]
[Result "1-0"]
[WhiteElo "2571"]
[BlackElo "2447"]

1.Nf3 c5 2.c4 Nf6 3.Nc3 e6 4.g3 b6 5.Bg2 Bb7 6.O-O Be7 7.d4 d6 8.d5 exd5
9.Nh4 g6 10.Nxd5 Nxd5 11.Bxd5 Qd7 12.Nf3 Bxd5 13.Qxd5 Qc6 14.Qxc6+ Nxc6 15.Rd1 f6
16.b3 Kf7 17.Bb2 a6 18.Nd2 b5 19.Nf1 Rhb8 20.Bc3 a5 21.Ne3 a4 22.Nd5 Bd8
23.Kg2 f5 24.h3 b4 25.Bb2 axb3 26.axb3 Rxa1 27.Rxa1 Na5 28.Bf6 Nxb3 29.Ra7+ Ke8
30.Bxd8 Kxd8 31.Rxh7 Kc8 32.Rc7+ Kd8 33.Rg7 Kc8 34.Rxg6 Nd4 35.e3 b3 36.Rg8+ Kb7
37.Rxb8+ Kxb8 38.Nc3 Ne6 39.Kf1 Ng5 40.Ke2 b2 41.h4 Ne4 42.Nb1 Kc7 43.h5 Kd7
44.h6 Nf6 45.Kd3 Ke6 46.Kc2 Kf7 47.Nc3 Ng4 48.Nd1 Nxh6 49.Nxb2 Ng4 50.Nd3 Nf6
51.Kd2 Ne4+ 52.Ke2 Kf6 53.Nf4 Nc3+ 54.Ke1 Ke5 55.f3 Na4 56.Kd2 Nb6 57.Kd3 Na4
58.Nd5 Nb2+ 59.Kc3 Nd1+ 60.Kd2 Nf2 61.Ke2 Nh3 62.f4+  1-0

[Event "14th Sants Open A"]
[Site "Barcelona ESP"]
[Date "2012.08.18"]
[Round "2.5"]
[White "Shankland,S"]
[Black "Garcia Blanco,O"]
[Result "1-0"]
[WhiteElo "2581"]
[BlackElo "2272"]

1.Nf3 Nf6 2.c4 c5 3.Nc3 e6 4.g3 b6 5.Bg2 Bb7 6.O-O d6 7.Re1 Ne4 8.Nxe4 Bxe4
9.d3 Bb7 10.d4 Be7 11.e4 cxd4 12.Nxd4 O-O 13.b3 a6 14.Bb2 Qc7 15.Qg4 e5 16.Nf5 g6
17.Rad1 Bc8 18.Nxe7+ Qxe7 19.Qh4 f6 20.Rd2 Nc6 21.Ba3 Rd8 22.Red1 Nd4 23.Rxd4 exd4
24.e5 Bb7 25.Bxd6 Qf7 26.e6 Qg7 27.Qxd4 Bxg2 28.Kxg2 Qb7+ 29.f3 Kg7 30.g4 h6
31.h4 g5 32.h5 Qc6 33.Qd3 Qe8 34.Qf5 Ra7 35.Rd5 Rb7 36.Kf2 Ra7 37.f4 Rc8
38.Bb4 Rcc7 39.Bc3 Kg8 40.Qxf6  1-0

[Event "LBV Open A 2012"]
[Site "Roosendaal NED"]
[Date "2012.08.18"]
[Round "4.18"]
[White "L'Ami,E"]
[Black "Daamen,Roland"]
[Result "1-0"]
[WhiteElo "2628"]
[BlackElo "2042"]

1.Nf3 Nf6 2.c4 g6 3.Nc3 c5 4.d4 cxd4 5.Nxd4 Bg7 6.e4 d6 7.Be2 Nc6 8.Be3 O-O
9.O-O Bd7 10.Qd2 Ng4 11.Bxg4 Bxg4 12.f3 Bd7 13.b3 Nxd4 14.Bxd4 Bc6 15.Rad1 Bxd4+
16.Qxd4 Qa5 17.Rf2 Rac8 18.f4 Qc5 19.f5 Qxd4 20.Rxd4 Rfd8 21.f6 Kf8 22.Rd3 Rc7
23.Rh3 Kg8 24.Rhf3 exf6 25.Rxf6 Re8 26.Rxd6 Bxe4 27.Re2 f5 28.Nd5 Ree7 29.Nxc7 Rxc7
30.Red2 Re7 31.Rd7 Kf7 32.Kf2 Bc6 33.Rxe7+ Kxe7 34.h4 h6 35.c5 g5 36.Rd6 gxh4
37.Rxh6 Be4 38.Rxh4 Ke6 39.Rxe4+  1-0

[Event "Husek Vienna Open A"]
[Site "Vienna AUT"]
[Date "2012.08.19"]
[Round "7"]
[White "Buhmann,R"]
[Black "Juhasz,Kr"]
[Result "1-0"]
[WhiteElo "2571"]
[BlackElo "2377"]

1.Nf3 Nf6 2.c4 c5 3.Nc3 d5 4.cxd5 Nxd5 5.g3 Nc6 6.Bg2 g6 7.d3 Bg7 8.Bd2 O-O
9.O-O b6 10.Qa4 Bb7 11.Qh4 Nd4 12.Nxd4 cxd4 13.Nb5 e6 14.Qxd8 Rfxd8 15.Rfc1 Rd7
16.Nc7 Rad8 17.Bg5 f6 18.Bd2 Kf7 19.Nb5 Ne7 20.Nd6+ Rxd6 21.Bxb7 Nd5 22.a4 Bf8
23.a5 bxa5 24.Rxa5 R8d7 25.Bc6 Re7 26.Kf1 Rd8 27.Rca1 Rb8 28.Bxd5 exd5 29.b4 Ke6
30.Rxa7 Rxa7 31.Rxa7 Bxb4 32.Bxb4 Rxb4 33.Rxh7 g5 34.h3 Rb2 35.Ra7 Rb1+ 36.Kg2 Re1
37.Kf3 Rh1 38.Kg2 Re1 39.Ra2 Ke5 40.Ra8 Kf5 41.Re8 Ra1 42.g4+ Kg6 43.Rd8 Re1
44.Kf3 Rh1 45.Rxd5 Rxh3+ 46.Kg2 Rh4 47.Rxd4 Kf7 48.Re4 Rh8 49.Kg3 Rh1 50.Rb4 Rd1
51.Kf3 Ke6 52.Ke3 Rg1 53.f3 Rd1 54.Ke4  1-0

[Event "ZMDI Open A 2012"]
[Site "Dresden GER"]
[Date "2012.08.20"]
[Round "3"]
[White "Meier,Geo"]
[Black "Danin,A"]
[Result "1-0"]
[WhiteElo "2648"]
[BlackElo "2530"]

1.Nf3 Nf6 2.c4 c5 3.Nc3 g6 4.g3 b6 5.Bg2 Bb7 6.O-O Bg7 7.d4 cxd4 8.Qxd4 d6
9.Rd1 Nbd7 10.Be3 Rc8 11.Rac1 O-O 12.Qh4 a6 13.b3 Rc7 14.Bh3 Qb8 15.Bg5 Bxf3
16.exf3 b5 17.Bxd7 Rxd7 18.Nd5 bxc4 19.Bxf6 Bxf6 20.Qxf6 exf6 21.Nxf6+ Kg7
22.Nxd7 Qb7 23.Nxf8 cxb3 24.Nxg6 hxg6 25.axb3 Qxb3 26.Rxd6 Qa3 27.Rdc6 Qxf3
28.Rxa6 g5 29.Rd6 g4 30.Rc4 Qe2 31.Rf4 f5 32.Kg2 Qe5 33.Rd7+ Kg6 34.h4 Qb5
35.Rd6+ Kh5 36.Rd8 Qb7+ 37.Kh2 Qf7 38.Ra8  1-0

[Event "12th ch-Euro Seniors"]
[Site "Kaunas LTU"]
[Date "2012.08.20"]
[Round "3.12"]
[White "Pushkov,N"]
[Black "Valenti,G"]
[Result "1-0"]
[WhiteElo "2390"]
[BlackElo "2180"]

1.c4 e6 2.Nc3 c5 3.Nf3 Nf6 4.g3 b6 5.Bg2 Bb7 6.O-O Be7 7.Re1 O-O 8.e4 d6
9.d4 cxd4 10.Nxd4 Qc8 11.Be3 a6 12.Rc1 Nbd7 13.f4 Re8 14.Bf2 h6 15.b3 Qc7
16.f5 e5 17.Nd5 Qd8 18.Nc2 Nxd5 19.cxd5 Bg5 20.Ne3 b5 21.h4 Be7 22.Nc2 Qa5
23.a3 Rec8 24.b4 Qa4 25.Qd3 a5 26.Bf1 axb4 27.Nxb4 Nc5 28.Qxb5 Qxb5 29.Bxb5 Rxa3
30.Bc6 Rc7 31.Rb1 Bc8 32.Nc2 Rc3 33.Bxc5 dxc5 34.Ne3 c4 35.Rb5 Rd3 36.Nxc4 Rxg3+
37.Kh1 Bxh4 38.Ra1 g6 39.Ra8 Kg7 40.Nd6 gxf5 41.Ne8+  1-0

[Event "27th Schwarzacher Open"]
[Site "Schwarzach AUT"]
[Date "2012.08.20"]
[Round "3.5"]
[White "Banas,J"]
[Black "Schnepp,G"]
[Result "1/2-1/2"]
[WhiteElo "2285"]
[BlackElo "2308"]

1.c4 c5 2.Nf3 Nf6 3.Nc3 d5 4.cxd5 Nxd5 5.e3 Nxc3 6.bxc3 g6 7.d4 Bg7 8.Bd3 Nc6
9.O-O O-O 10.Qe2 e5 11.dxc5 Qe7 12.Bc4 e4 13.Nd4 Qxc5 14.Nxc6 bxc6 15.a4 Qg5
16.f4 Qa5 17.Ba3 Bxc3 18.Rac1 Re8  1/2-1/2

[Event "11th Lichtenberger Sommer 2012"]
[Site "Berlin GER"]
[Date "2012.08.21"]
[Round "4.16"]
[White "Schneider,Ch1"]
[Black "Kornrumpf,J"]
[Result "1-0"]
[WhiteElo "2234"]
[BlackElo "2073"]

1.c4 c5 2.Nf3 e6 3.Nc3 Nf6 4.g3 b6 5.Bg2 Bb7 6.O-O d6 7.d4 cxd4 8.Qxd4 a6
9.Rd1 Nbd7 10.b3 Qc7 11.e4 Be7 12.Ba3 Nc5 13.e5 dxe5 14.Qxe5 Rc8 15.Qxc7 Rxc7
16.Bc1 Rd7 17.Bf4 O-O 18.Ne5 Rxd1+ 19.Rxd1 Bxg2 20.Kxg2 Rc8 21.Be3 h6 22.f4 Bf8
23.Kf3 Rc7 24.Rd8 Ncd7 25.Na4 b5 26.Nb6 bxc4 27.Nbxd7 cxb3 28.axb3 Nxd7 29.Nxd7 Rb7
30.Rxf8+ Kh7 31.Nc5  1-0

[Event "11th Lichtenberger Sommer 2012"]
[Site "Berlin GER"]
[Date "2012.08.21"]
[Round "4.13"]
[White "Elsing,J"]
[Black "Vogel,R"]
[Result "1/2-1/2"]
[WhiteElo "2124"]
[BlackElo "2258"]

1.c4 Nf6 2.Nc3 e6 3.Nf3 c5 4.d4 cxd4 5.Nxd4 d5 6.Bg5 Be7 7.cxd5 exd5 8.e3 O-O
9.Be2 Nc6 10.O-O h6 11.Bh4 Re8 12.Rc1 Na5 13.a3 Be6 14.Ncb5 Nc6 15.Nxc6 bxc6
16.Rxc6 Rb8 17.Nc7 Qd7 18.Nxe8 Nxe8 19.Bxe7 Qxc6 20.b4 Rc8 21.Bc5 a5 22.Qd2 Nf6
23.Bd4 Ne4 24.Qb2 Qc2 25.Ba6 Qxb2 26.Bxb2 Rc2 27.Bd4 Nd2 28.Rd1 Nb3 29.b5 Nxd4
30.exd4 Rb2 31.f3 Bf5 32.Rc1 Bd3 33.Rc5 Bc4 34.Bb7 Ra2 35.Bxd5 Bxd5 36.Rxd5 Rxa3
37.Rd8+ Kh7 38.b6 Rb3 39.Rb8 a4 40.Ra8 Rxb6 41.Rxa4 Rb2 42.h4 Kg6 43.Kh2 Rd2
44.Kh3 Kf5 45.Ra5+ Kf6 46.d5 h5 47.g4 g6 48.Kg3 Rd4 49.Ra6+ Kg7 50.Rd6 Kf8
51.gxh5 gxh5 52.Rd8+ Ke7 53.Rg8 Rxd5 54.Rg5 Rd1 55.Rxh5 Kf6 56.Kg4 Rg1+ 57.Kf4 Rh1
58.Rf5+ Kg6 59.Rg5+ Kf6 60.Kg4 Rg1+  1/2-1/2

[Event "12th World Uni Men"]
[Site "Guimaraes POR"]
[Date "2012.08.22"]
[Round "6.1"]
[White "Bu Xiangzhi"]
[Black "Papin,V"]
[Result "1-0"]
[WhiteElo "2670"]
[BlackElo "2570"]

1.Nf3 c5 2.c4 Nf6 3.Nc3 e6 4.g3 b6 5.Bg2 Bb7 6.O-O Be7 7.d4 cxd4 8.Qxd4 O-O
9.Rd1 d6 10.Ng5 Bxg2 11.Kxg2 a6 12.Nce4 Ne8 13.Qd3 g6 14.Nf3 f5 15.Neg5 Qc8
16.Qe3 e5 17.Qb3 Bxg5 18.c5+ Kh8 19.Bxg5 bxc5 20.Be7 Rg8 21.Bxd6 Nxd6 22.Rxd6 Ra7
23.Qc3 Nd7 24.Rad1 Re8 25.R1d5 Kg8 26.Qd2 e4 27.Rxd7 Rxd7 28.Rxd7 exf3+ 29.exf3 Qc6
30.b4 cxb4 31.Qd4 Re5 32.Qa7  1-0

[Event "27th Schwarzacher Open"]
[Site "Schwarzach AUT"]
[Date "2012.08.22"]
[Round "5.8"]
[White "Banas,J"]
[Black "Seisenberger,Georg"]
[Result "1-0"]
[WhiteElo "2285"]
[BlackElo "2086"]

1.c4 Nf6 2.Nc3 c5 3.Nf3 d5 4.cxd5 Nxd5 5.e3 Nc6 6.Bb5 e6 7.Ne5 Bd7 8.Bxc6 Bxc6
9.Nxc6 bxc6 10.Qa4 Qd7 11.O-O Be7 12.b3 Rb8 13.Ba3 Nb4 14.Bxb4 Rxb4 15.Qa6 O-O
16.Rfd1 f5 17.Rac1 f4 18.f3 Rf5 19.Qe2 a5 20.Rc2 Re5 21.h3 Qa7 22.Kh1 c4
23.bxc4 Qb7 24.Ne4 fxe3 25.d4 Rh5 26.Qxe3 Rb1 27.Rxb1 Qxb1+ 28.Qc1 Qb8 29.Rb2 Qc8
30.Qf4 e5 31.dxe5 Rf5 32.Rb8 Rxf4 33.Rxc8+ Kf7 34.Rxc6 Ke8 35.c5 Kd7 36.Ra6 Rf5
37.e6+ Kc7 38.Ra7+ Kd8 39.Nd6 Rd5 40.Rd7+  1-0

[Event "III Sarkany-Aranytiz IM"]
[Site "Budapest HUN"]
[Date "2012.08.23"]
[Round "6.2"]
[White "Kojima,S"]
[Black "Szekeres,R"]
[Result "1/2-1/2"]
[WhiteElo "2282"]
[BlackElo "2337"]

1.Nf3 Nf6 2.c4 e6 3.Nc3 c5 4.g3 b6 5.Bg2 Bb7 6.O-O Be7 7.d4 cxd4 8.Qxd4 Nc6
9.Qf4 O-O 10.Rd1 d6 11.b3 Ne8 12.Ba3 g5 13.Qd2 g4 14.Nd4 Qd7 15.Nxc6 Bxc6
16.Bxc6 Qxc6 17.e4 Bf6 18.Rac1 Bxc3 19.Qxc3 Qxe4 20.Rd4 Qf3 21.Qd2 e5 22.Rd3 Qf5
23.Bxd6 Rd8 24.Rd1 Nxd6 25.Rxd6 Rxd6 26.Qxd6 Re8 27.b4 Re6 28.Qd5 Rf6 29.Qd2 Qh5
30.Qe2 Rh6 31.h4 gxh3 32.Qxh5 Rxh5 33.Kh2 Rf5 34.Rd2 Rf3 35.Rc2 Kf8 36.Kxh3 Ke7
37.Kg4 e4 38.Re2 f5+ 39.Kg5 Ke6 40.Rc2 a5 41.bxa5 bxa5 42.c5 Kd7 43.Kh6 e3
44.fxe3 Rxg3 45.c6+ Kc7 46.Rc5 a4 47.Ra5 Rxe3 48.Rxa4 Kxc6  1/2-1/2

[Event "12th World Uni Men"]
[Site "Guimaraes POR"]
[Date "2012.08.23"]
[Round "7.5"]
[White "Czarnota,P"]
[Black "Jarvinen,R"]
[Result "1-0"]
[WhiteElo "2535"]
[BlackElo "2203"]

1.Nf3 Nf6 2.c4 c5 3.Nc3 d5 4.cxd5 Nxd5 5.d4 cxd4 6.Qxd4 Nxc3 7.Qxc3 Nc6 8.e4 Bg4
9.Bb5 Rc8 10.O-O Bxf3 11.Qxf3 e6 12.Rd1 Qb6 13.Bxc6+ Rxc6 14.Qg3 Rd6 15.Bf4 Rxd1+
16.Rxd1 Bc5 17.Qxg7 Rf8 18.Bg5 Be7 19.Bh6 Qa5 20.Qd4 f6 21.Qd7+  1-0

[Event "24th Schlosspark Open"]
[Site "Wiesbaden GER"]
[Date "2012.08.23"]
[Round "1.33"]
[White "Kienitz,A"]
[Black "Traut,Stefan"]
[Result "1-0"]
[WhiteElo "2153"]
[BlackElo "1765"]

1.Nf3 Nf6 2.c4 c5 3.Nc3 g6 4.d4 cxd4 5.Nxd4 Bg7 6.e4 d6 7.Be2 O-O 8.O-O Bd7
9.Be3 Nc6 10.Nc2 Rc8 11.f3 Re8 12.Rc1 Qa5 13.Qd2 Ne5 14.Na3 a6 15.Rfd1 Be6
16.Nd5 Qxd2 17.Bxd2 Bxd5 18.cxd5 Kf8 19.Be3 Ned7 20.Nc4 h5 21.b4 Kg8 22.a4 Kh7
23.Na5 b6 24.Rxc8 Rxc8 25.Nc6 a5 26.bxa5 bxa5 27.Nxe7 Rc2 28.Bb5 Bh6 29.Bd4 Bg7
30.Nc6 Nc5 31.Nxa5 Nfd7 32.Bxg7 Kxg7 33.Bxd7 Nxd7 34.Nb7 Ra2 35.Nxd6 Rxa4
36.h4 Kf6 37.Rd2 Ne5 38.Nb5 Ke7 39.Kf2 Rb4 40.Nd4 Rc4 41.Nc2 Kd6 42.Ne3 Rc3
43.Ke2 Nc4 44.Nxc4+ Rxc4 45.Ke3 Rc1 46.f4 f6 47.Kd4 Re1 48.g3 Rg1 49.e5+ fxe5+
50.fxe5+ Ke7 51.Rd3 Re1 52.Re3 Ra1 53.e6 Rd1+ 54.Ke5 Rd2 55.Re4 Rd1 56.Rd4 Re1+
57.Kf4 Rf1+ 58.Kg5 Rg1 59.Rd3 Re1 60.d6+ Kd8 61.e7+ Kd7 62.Kxg6 Re5 63.Kf6 Re1
64.Rd5 Rf1+ 65.Kg6 Rf3 66.Re5  1-0

[Event "EY Boys U14 2012"]
[Site "Prague CZE"]
[Date "2012.08.24"]
[Round "8.15"]
[White "Tarasov,Alexandr"]
[Black "Haria,R"]
[Result "1-0"]
[WhiteElo "2124"]
[BlackElo "2054"]

1.Nf3 Nf6 2.c4 c5 3.Nc3 d5 4.cxd5 Nxd5 5.d4 cxd4 6.Qxd4 Nxc3 7.Qxc3 Nc6 8.e4 e6
9.Bb5 Bd7 10.O-O a6 11.Be2 Rc8 12.Rd1 Nb4 13.Qb3 Qa5 14.Bd2 Qa4 15.Ne5 Qxb3
16.axb3 Nc2 17.Rac1 Nd4 18.Bc4 b5 19.Be3 bxc4 20.Rxd4 Bb5 21.bxc4 Bc6 22.Rcd1 Be7
23.c5 Bxc5 24.Nxc6 Bxd4 25.Nxd4 O-O 26.g3 Rfd8 27.Ra1 Rd6 28.e5 Rd5 29.Rxa6 h6
30.Nc6 Rd1+ 31.Kg2 Kh7 32.b4 Rb1 33.Rb6 g5 34.h3 Ra8 35.b5 Ra2 36.Rb7 Kg6
37.Nd8 h5 38.Nxf7 g4 39.hxg4 hxg4 40.Nh6 Rb4 41.Bf4 Kh5 42.Rg7 Rbb2 43.Be3 Rb1
44.Nxg4 Rxf2+ 45.Nxf2 Rg1+ 46.Kf3 Rxg3+  1-0